000 00901nam a2200265 a 4500
001 000023882
005 20251127093956.0
008 110115s1982 mx r 000 0 spa d
020 _a9684091575
040 _aDO-SdBNP
_bspa
_cBNPHU
041 1 7 _aspa
_heng
_2Código de idiomas MARC
082 _a345
_bF597s
100 1 _aFleming, Macklin,
_949134
240 1 0 _aOf crimes and rights.
_lEspañol
245 1 0 _aSobre crímenes y derechos /
_cMacklin Fleming ; traducción de José Valdés y Aurora Merino.
260 _aMéxico :
_bEnero,
_c1982.
300 _a309 p. ;
_c21 cm.
504 _aIncluye referencias bibliográficas y notas al pie de las páginas.
534 _pTítulo original en inglés:
_tOf crimes and rights.
650 0 _aDerecho penal
_917405
650 0 _aCrimen
_929875
700 1 _aValdés, José,
_etr.
_949135
700 1 _aMerino, Aurora,
_etr.
_949136
049 _aBNGR
999 _c23378
_d23378